Se habla español: voces latinas en USA
Bewaard in:
| Hoofdauteurs: | , |
|---|---|
| Formaat: | Boek |
| Taal: | Spaans |
| Gepubliceerd in: |
Miami
Alfaguara
2000
|
| Onderwerpen: | |
| Tags: |
Voeg label toe
Geen labels, Wees de eerste die dit record labelt!
|
MARC
| LEADER | 00000nam a2200000 a 4500 | ||
|---|---|---|---|
| 001 | UCN4959 | ||
| 003 | CL-VaPUC | ||
| 008 | 010817e20000000US |||||||||||||||||spa|d | ||
| 082 | 0 | 4 | |a 863 |b PAZ |2 21 |
| 100 | |a Paz Soldán, Edmundo |e author |9 547044 | ||
| 700 | 0 | |a Fuguet, Alberto |e author |9 461091 | |
| 245 | 1 | 0 | |a Se habla español: voces latinas en USA |
| 300 | |a 386 p | ||
| 942 | |c BK | ||
| 945 | |d 20010817 00:00:00 |a cmena | ||
| 260 | |a Miami |b Alfaguara |c 2000 | ||
| 650 | 0 | |a Cuentos latinoamericanos |9 317166 | |
| 650 | 0 | |a Literatura latinoamericana |9 309997 | |
| 583 | |a last modification |c 20010817 00:00:00 |k Rodrigo Vera | ||
| 999 | |c 296797 |d 296795 | ||
| 952 | |0 0 |1 0 |4 0 |6 863_000000000000000_PAZ_2000 |7 0 |8 A |9 350972 |a BIBING |b BIBING |d 2019-11-20 |i 3748065 |o 863 PAZ 2000 |p 3748065 |r 2025-01-20 |w 2019-11-20 |y BK |k CUI | ||